00455 2200169 4500245007000000020002200070250001100092100002300103700001800126650002500144005001900169260003600188041001400224084001000238300002800248336000900276 aKecerdasan Emosional Kunci KeberhasilancRani Siti FitrianihText a978-602-8410-18-8 aCet. 1 aRani Siti Fitriani aTim Semiotika aKecerdasan Emosional a20230331110852 aBandungbMughni Sejahterac2013 aIndonesia a152.4 aiv, 76 hlm. :c20.5 cm. atext